000 00374pam a2200157a 44500
008 230515b1988 xxu||||| |||| 00| 0 eng d
020 _aNULL
041 _aENGLISH
082 _a621.4025 /MAC/REA
100 _aREAY D. A. / MACMICHABLE D. B. A.
245 _aHEAT PUMPS
250 _aNULL
260 _aNULL
_bPERGAMON PRESS
_c1988
300 _a330 PB
650 _aNULL
999 _c620372
_d620372